Uso de las lenguas nativas del Perú en el siglo XXI

Salvato in:
Dettagli Bibliografici
Autore principale: Pavliková, Želmíra, 1979-
Natura: Capitolo di libro
Lingua:spagnolo
Soggetti:
Tags: Aggiungi Tag
Nessun Tag, puoi essere il primo ad aggiungerne!!

MARC

LEADER 00000naa$a2200000$$$4500
001 0253593
005 20240502083725.5
041 0 |a spa 
044 |a HU 
245 1 0 |a Uso de las lenguas nativas del Perú en el siglo XXI  |c Želmíra Pavliková 
610 2 0 |a jazyky cudzie 
610 2 0 |a komunikácia 
610 2 0 |a španielčina 
610 2 0 |a Peru 
100 1 |a Pavliková, Želmíra, 1979-